Statistics for Bible and Church History - #1A

Click here to take the quiz!

General Stats

  • This quiz has been taken 171 times
  • The average score is 6 of 15

Answer Stats

HintAnswer% Correct
Who allowed a woman to pour $20,000 worth of perfume onto his feet?Jesus
96%
Who constantly referred to himself as "the disciple that Jesus loved"?John
89%
Who miraculously escaped from prison only to be left standing outside his friend's house by a dipsy servant girl?Peter
82%
Who made a sorceror go blind because he was trying to keep a proconsul from converting?Paul
75%
Who almost got deleted from the Bible by Martin Luther for talking too much about doing good things?James
50%
Who was speared to death in a temple of Kali in India?Thomas
40%
Who teleported from Gaza to Azotus?Philip
36%
Who had a face that shined like an angel?Stephen
35%
Which pagan miracle worker got chewed out by Peter and John for trying to buy the Holy Spirit?Simon the Sorceror
34%
Who was already a God-worshiper before she was converted and baptized?Lydia
30%
Who got ditched by someone he gave a second chance to, because he was giving someone else a second chance?Barnabas
16%
Which official kept summoning Paul to talk with him because he hoped Paul would buy him off?Felix
16%
Which woman traveled around with Paul while he was bald?Priscilla
16%
Which missionary had to be instructed by a woman?Apollos
11%
Which woman might have actually managed to become an apostle?Junia
6%

Score Distribution

Percentile by Number Answered

Percent of People with Each Score

Your Score History

You have not taken this quiz